| 000 | 00668nam a2200217 a 4500 | ||
|---|---|---|---|
| 001 | 5831 | ||
| 003 | CDMR | ||
| 005 | 20150420142606.0 | ||
| 008 | 130220s2002||||||||||||||||||||||||||||d | ||
| 020 | _a8433925504 | ||
| 040 |
_aCDMR _bcat _cCDMR |
||
| 100 | 1 |
_aKapuscinski, Ryszard _9661 |
|
| 245 | 1 | 4 |
_aLos cínicos no sirven para este oficio _b: sobre el buen periodismo _cRyszard Kapuscinski ; edición de Maria Nadotti |
| 250 | _a2a ed. | ||
| 260 |
_aBarcelona _bAnagrama _c2002 |
||
| 300 |
_a124 p. ; _c22 cm |
||
| 490 | 0 |
_aCrónica Anagrama _v50 |
|
| 650 | 0 | 4 |
_93430 _aPeriodistes _vRecull d'escrits |
| 650 | 0 | 4 |
_93782 _aPeriodistes _xPràctica professional |
| 942 | _cMON | ||
| 999 |
_c5831 _d5831 |
||